000 00372nam a2200145Ia 4500
008 240624s9999 xx 000 0 und d
041 _aeng
082 _a658.4092 SCH
100 _aSCHMITT JULIA
245 _aSOCIAL INNOVATION FOR BUSINESS SUCCESS S
250 _a(1st, 2014 ed.)
260 _c2014
_aGermany
_bSpringer
300 _axi,99P. ; 23cm
365 _cERU
_b33
999 _c32749
_d32749